[Event "FICGS class C 000084 email"]
[Site "FICGS email"]
[Date "2009.08.30"]
[Round "1"]
[White "Hakuc, Waclaw"]
[Black "Panov, Dmitriy"]
[Result "0-1"]
[WhiteElo "1863"]
[BlackElo "1800"]
[PlyCount "66"]
[EventDate "2009.??.??"]
[EventType "tourn (corr)"]
[EventRounds "1"]
[SourceTitle "Corr 2022"]
[Source "ChessBase"]
[SourceDate "2021.10.24"]
[SourceVersion "1"]
[SourceVersionDate "2021.10.24"]
[SourceQuality "1"]

1. e4 e5 2. Nf3 Nf6 3. Nxe5 d6 4. Nf3 Nxe4 5. Qe2 Qe7 6. d3 Nf6 7. Nc3 Bg4 8. Be3 Nc6 9. h3 Be6 10. d4 0-0-0 11. 0-0-0 Nd5 12. Nxd5 Bxd5 13. Qb5 Bxf3 14. gxf3 d5 15. Qa4 Qf6 16. Rg1 Qxf3 17. Rd3 g6 18. Rb3 Rd6 19. Bg2 Qf5 20. Qb5 Nd8 21. Rc3 a6 22. Qa5 Nc6 23. Qa4 Bg7 24. Rd1 Re8 25. Rc5 Bf6 26. Kb1 Bg5 27. Bxg5 Qxg5 28. Bf3 Qf4 29. Rc3 Qh2 30. Rxc6 bxc6 31. Qxa6+ Kd8 32. Qf1 Rf6 33. Bg2 Qf4 0-1

[Event "IECC CL4-2009.06 email"]
[Site "IECC email"]
[Date "2009.06.14"]
[Round "?"]
[White "Johnson, Bernard S"]
[Black "Hakuc, Waclaw"]
[Result "1/2-1/2"]
[WhiteElo "1736"]
[BlackElo "1667"]
[PlyCount "94"]
[EventDate "2009.??.??"]
[EventType "tourn (corr)"]
[EventRounds "4"]
[SourceTitle "Telechess CBM 137"]
[Source "ChessBase"]
[SourceDate "2010.07.15"]
[SourceVersion "1"]
[SourceVersionDate "2010.07.15"]
[SourceQuality "1"]
[WhiteTeam "US of America"]
[BlackTeam "Poland"]
[WhiteTeamCountry "USA"]
[BlackTeamCountry "POL"]

1. e4 e5 2. Nf3 Nc6 3. Bb5 a6 4. Ba4 Nf6 5. 0-0 Be7 6. Re1 0-0 7. Bxc6 dxc6 8. Nxe5 Qd4 9. Nf3 Qb6 10. d4 Be6 11. Qd3 Rfd8 12. Nc3 h6 13. Bf4 Rac8 14. b3 Bg4 15. Ne2 Nh5 16. Bd2 Nf6 17. c4 Nd7 18. h3 Bh5 19. Ng3 Bg6 20. c5 Qa7 21. Qe3 Nf8 22. Ne5 Ne6 23. Nxg6 fxg6 24. Bc3 Rf8 25. Ne2 Rce8 26. f4 g5 27. f5 Nxc5 28. dxc5 Bxc5 29. Nd4 Rxf5 30. Qd3 Rf7 31. Rad1 Bd6 32. Kh1 Qc5 33. Nf3 Bg3 34. Rf1 Bf4 35. e5 Rfe7 36. a4 a5 37. Bb2 Re6 38. Bd4 Qe7 39. Bc3 c5 40. Qb5 c6 41. Qxa5 h5 42. h4 gxh4 43. b4 h3 44. gxh3 Rg6 45. Qxc5 Qe6 46. Ng1 Rxg1+ 47. Kxg1 Qg6+ 1/2-1/2

[Event "FICGS class C 000067 email"]
[Site "FICGS email"]
[Date "2009.01.07"]
[Round "1"]
[White "Soszynski, Marek J"]
[Black "Hakuc, Waclaw"]
[Result "1-0"]
[WhiteElo "1921"]
[BlackElo "1850"]
[PlyCount "91"]
[EventDate "2009.??.??"]
[EventType "tourn (corr)"]
[EventRounds "1"]
[SourceTitle "Corr 2022"]
[Source "ChessBase"]
[SourceDate "2021.10.24"]
[SourceVersion "1"]
[SourceVersionDate "2021.10.24"]
[SourceQuality "1"]

1. e4 e5 2. Nf3 Nc6 3. Bb5 a6 4. Bxc6 dxc6 5. 0-0 Bg4 6. h3 Bh5 7. g4 Bg6 8. Nxe5 Qd4 9. Nxg6 hxg6 10. Qf3 0-0-0 11. d3 Bd6 12. Nd2 Qe5 13. Qg2 Qe6 14. Nb3 Nf6 15. Bd2 Nd7 16. f4 g5 17. fxg5 Rh7 18. Rae1 Rdh8 19. e5 Be7 20. Rf3 Kb8 21. Qf1 Nc5 22. Kg2 Nxb3 23. axb3 Qd5 24. Re4 c5 25. Qe2 Rf8 26. g6 fxg6 27. Rxf8+ Bxf8 28. Qf3 Qd8 29. Rf4 Rh8 30. Rf7 Be7 31. Rxg7 Rf8 32. Rf7 Re8 33. Qe4 g5 34. Be3 c6 35. e6 Ka8 36. Rf5 Qa5 37. Qe5 Qd8 38. Rf7 b6 39. Qe4 Qd6 40. h4 gxh4 41. g5 Qg3+ 42. Kf1 Qh3+ 43. Ke2 Qh2+ 44. Kd1 Qc7 45. Bf4 Qc8 46. g6 1-0

[Event "FICGS class D 000107 email"]
[Site "FICGS email"]
[Date "2008.10.18"]
[Round "1"]
[White "Oliveira, Carlos"]
[Black "Hakuc, Waclaw"]
[Result "0-1"]
[WhiteElo "1414"]
[BlackElo "1799"]
[PlyCount "54"]
[EventDate "2008.??.??"]
[EventType "tourn (corr)"]
[EventRounds "6"]
[SourceTitle "Corr 2022"]
[Source "ChessBase"]
[SourceDate "2021.10.24"]
[SourceVersion "1"]
[SourceVersionDate "2021.10.24"]
[SourceQuality "1"]

1. e4 e5 2. Nf3 Nc6 3. Bb5 a6 4. Bxc6 dxc6 5. 0-0 Bg4 6. h3 Bh5 7. g4 Bg6 8. Nxe5 Qd4 9. Nxg6 hxg6 10. Qf3 0-0-0 11. Nc3 Nf6 12. d3 Bd6 13. Be3 Qe5 14. Qg2 Bc5 15. Bxc5 Qxc5 16. Qf3 Rh4 17. Kg2 Rdh8 18. Rh1 Qb4 19. Rab1 Kb8 20. a3 Qe7 21. b4 Nh7 22. a4 Ng5 23. Qg3 Rxh3 24. Rxh3 Rxh3 25. Qxh3 Nxh3 26. Kxh3 Qf6 27. Nd1 Qf3+ 0-1

[Event "FICGS class D 000083 email"]
[Site "FICGS email"]
[Date "2008.03.20"]
[Round "1"]
[White "Zaichenko, Andrey"]
[Black "Hakuc, Waclaw"]
[Result "0-1"]
[WhiteElo "1486"]
[BlackElo "1758"]
[PlyCount "32"]
[EventDate "2008.??.??"]
[EventType "tourn (corr)"]
[EventRounds "6"]
[SourceTitle "Corr 2022"]
[Source "ChessBase"]
[SourceDate "2021.10.24"]
[SourceVersion "1"]
[SourceVersionDate "2021.10.24"]
[SourceQuality "1"]

1. b4 e5 2. a3 d5 3. Bb2 Bd6 4. e3 Nf6 5. Nf3 Nbd7 6. Be2 0-0 7. 0-0 c6 8. c4 e4 9. Ne1 dxc4 10. Bxc4 a5 11. b5 Nb6 12. Be2 cxb5 13. Bxb5 Bxh2+ 14. Kxh2 Ng4+ 15. Kg1 Qd6 16. g3 Qh6 0-1

[Event "IECC CL4-2007.13 email"]
[Site "IECC email"]
[Date "2007.11.24"]
[Round "?"]
[White "Foster, Duncan"]
[Black "Hakuc, Waclaw"]
[Result "1/2-1/2"]
[WhiteElo "1622"]
[BlackElo "1615"]
[PlyCount "77"]
[EventDate "2007.??.??"]
[EventType "tourn (corr)"]
[EventRounds "4"]
[SourceTitle "Corr 2015"]
[Source "ChessBase"]
[SourceDate "2015.07.17"]
[SourceVersion "1"]
[SourceVersionDate "2015.07.17"]
[SourceQuality "1"]
[WhiteTeam "England"]
[BlackTeam "Poland"]
[WhiteTeamCountry "ENG"]
[BlackTeamCountry "POL"]

1. e4 e5 2. Nf3 Nc6 3. d4 exd4 4. Bc4 Bc5 5. 0-0 d6 6. c3 dxc3 7. Nxc3 Nf6 8. Bg5 h6 9. Bxf6 Qxf6 10. Nd5 Qd8 11. b4 Bb6 12. a4 Bg4 13. a5 Bd4 14. Rc1 Bxf3 15. Qxf3 a6 16. Rfe1 0-0 17. Qd1 Qh4 18. g3 Qd8 19. Kg2 Bb2 20. Rc2 Be5 21. Bb3 Rc8 22. f4 Bf6 23. Ba4 Nd4 24. Rd2 Nc6 25. Qc2 Nd4 26. Qd3 Ne6 27. e5 dxe5 28. Qf5 Nd4 29. Qe4 Nc6 30. Rc2 exf4 31. Bxc6 bxc6 32. Rxc6 fxg3 33. hxg3 Qd7 34. Rxf6 Rce8 35. Qd3 Rxe1 36. Rxh6 f5 37. Nf6+ Rxf6 38. Qxd7 gxh6 39. Qxc7 1/2-1/2

[Event "IECC CL4-2007.13 email"]
[Site "IECC email"]
[Date "2007.11.24"]
[Round "?"]
[White "Hakuc, Waclaw"]
[Black "Dreev, Vladimir"]
[Result "1/2-1/2"]
[WhiteElo "1609"]
[BlackElo "1699"]
[PlyCount "38"]
[EventDate "2007.??.??"]
[EventType "tourn (corr)"]
[EventRounds "4"]
[SourceTitle "Corr 2015"]
[Source "ChessBase"]
[SourceDate "2015.07.17"]
[SourceVersion "1"]
[SourceVersionDate "2015.07.17"]
[SourceQuality "1"]
[WhiteTeam "Poland"]
[BlackTeam "Russia"]
[WhiteTeamCountry "POL"]
[BlackTeamCountry "RUS"]

1. e4 e5 2. Nf3 Nc6 3. Bb5 a6 4. Ba4 Nf6 5. 0-0 Be7 6. Nc3 b5 7. Bb3 0-0 8. Re1 d6 9. Nd5 Na5 10. d4 Nc6 11. Nxe7+ Qxe7 12. c3 h6 13. Qd3 Na5 14. Bc2 c5 15. b3 Bg4 16. dxe5 dxe5 17. Nh4 Nc6 18. Qg3 Kh7 19. h3 Bd7 1/2-1/2

[Event "IECC CL4-2007.13 email"]
[Site "IECC email"]
[Date "2007.11.24"]
[Round "?"]
[White "Hakuc, Waclaw"]
[Black "Maggiora, Aldo"]
[Result "1/2-1/2"]
[WhiteElo "1616"]
[BlackElo "1704"]
[PlyCount "110"]
[EventDate "2007.??.??"]
[EventType "tourn (corr)"]
[EventRounds "4"]
[SourceTitle "Corr 2015"]
[Source "ChessBase"]
[SourceDate "2015.07.17"]
[SourceVersion "1"]
[SourceVersionDate "2015.07.17"]
[SourceQuality "1"]
[WhiteTeam "Poland"]
[BlackTeam "Italy"]
[WhiteTeamCountry "POL"]
[BlackTeamCountry "ITA"]

1. e4 e6 2. d4 d5 3. e5 c5 4. Nf3 cxd4 5. Bd3 Bc5 6. 0-0 Ne7 7. Re1 Nbc6 8. Nbd2 Bb6 9. Nb3 a6 10. Bf4 Bd7 11. Qd2 Qc7 12. Bg3 0-0 13. a3 a5 14. Qg5 h6 15. Qh4 Ng6 16. Qh5 a4 17. Nc1 Rac8 18. Ne2 Be8 19. Rab1 Bc5 20. Nf4 Nxf4 21. Bxf4 f5 22. Qh3 Qf7 23. Qg3 Qg6 24. Bd2 Qxg3 25. hxg3 Bg6 26. Rbc1 Rc7 27. Bb5 Ra8 28. Rcd1 Bb6 29. Bd3 Bh5 30. Kh2 Rcc8 31. Re2 Na5 32. Bxa5 Rxa5 33. Rc1 Rac5 34. Ree1 R5c7 35. Rh1 g6 36. Kg1 Kg7 37. Rh4 Bg4 38. Kf1 Rc6 39. Rh1 R8c7 40. Ng1 Bc5 41. f3 Bh5 42. Ne2 Rb6 43. Nf4 Rcc6 44. b4 axb3 45. cxb3 Bxa3 46. Rxc6 Rxc6 47. Ke2 Rb6 48. Bc2 Bc5 49. Bd1 Rc6 50. g4 fxg4 51. Bc2 b5 52. Bd3 Ra6 53. Kf2 gxf3 54. gxf3 Kf7 55. Rc1 Be7 1/2-1/2

[Event "FICGS class D 000061 email"]
[Site "FICGS email"]
[Date "2007.10.05"]
[Round "1"]
[White "Hakuc, Waclaw"]
[Black "Sosa Landa, Hugo Rafael"]
[Result "1-0"]
[WhiteElo "1600"]
[BlackElo "1600"]
[PlyCount "33"]
[EventDate "2007.??.??"]
[EventType "tourn (corr)"]
[EventRounds "6"]
[SourceTitle "Corr 2022"]
[Source "ChessBase"]
[SourceDate "2021.10.24"]
[SourceVersion "1"]
[SourceVersionDate "2021.10.24"]
[SourceQuality "1"]

1. e4 g6 2. d4 Bg7 3. Nf3 c6 4. c4 d5 5. exd5 cxd5 6. cxd5 Nf6 7. Bb5+ Nbd7 8. Nc3 0-0 9. Bg5 Nb6 10. Bxf6 exf6 11. Qb3 Bg4 12. Be2 Qd6 13. 0-0 Rad8 14. h3 Bf5 15. Rfe1 a6 16. Bf1 Bc8 17. Ne4 1-0

[Event "FICGS class D 000061 email"]
[Site "FICGS email"]
[Date "2007.10.05"]
[Round "1"]
[White "Tsang, Alexander"]
[Black "Hakuc, Waclaw"]
[Result "0-1"]
[WhiteElo "1600"]
[BlackElo "1600"]
[PlyCount "50"]
[EventDate "2007.??.??"]
[EventType "tourn (corr)"]
[EventRounds "6"]
[SourceTitle "Corr 2022"]
[Source "ChessBase"]
[SourceDate "2021.10.24"]
[SourceVersion "1"]
[SourceVersionDate "2021.10.24"]
[SourceQuality "1"]

1. e4 e5 2. Nf3 Nc6 3. d4 exd4 4. Bc4 Bb4+ 5. c3 dxc3 6. bxc3 Ba5 7. 0-0 Qf6 8. e5 Qf5 9. Re1 Bb6 10. Bd3 Qg4 11. Na3 Nh6 12. Nc4 Qh5 13. Nxb6 axb6 14. Bf4 Nf5 15. h3 Nh4 16. g4 Nxf3+ 17. Qxf3 Qh4 18. e6 dxe6 19. Bxc7 h5 20. Bb5 Bd7 21. Bg3 Qxh3 22. g5 Ra5 23. a4 h4 24. Bf1 Rf5 25. Bxh3 Rxf3 0-1

[Event "FICGS class C 000056 email"]
[Site "FICGS email"]
[Date "2007.08.13"]
[Round "1"]
[White "Kis Kos, Laszlo"]
[Black "Hakuc, Waclaw"]
[Result "0-1"]
[WhiteElo "1610"]
[BlackElo "1600"]
[PlyCount "74"]
[EventDate "2007.??.??"]
[EventType "tourn (corr)"]
[EventRounds "4"]
[SourceTitle "Corr 2022"]
[Source "ChessBase"]
[SourceDate "2021.10.24"]
[SourceVersion "1"]
[SourceVersionDate "2021.10.24"]
[SourceQuality "1"]

1. e4 e5 2. Nf3 Nc6 3. Bc4 Nf6 4. Ng5 d5 5. exd5 Nxd5 6. d4 exd4 7. 0-0 f6 8. Re1+ Be7 9. Nf7 Kxf7 10. Qh5+ Kf8 11. Bxd5 Qe8 12. Qf3 Nb4 13. Bb3 Qg6 14. Na3 Bd7 15. Bf4 c6 16. Qe2 Re8 17. Qxe7+ Rxe7 18. Bd6 Bh3 19. Bxe7+ Ke8 20. Bxb4+ Kd8 21. g3 Qh5 22. Be6 Bxe6 23. Rxe6 c5 24. Ba5+ b6 25. Bd2 Re8 26. Rxe8+ Kxe8 27. Re1+ Kd7 28. f4 Qf5 29. Kf2 g5 30. Kg1 g4 31. Re2 b5 32. Ba5 Qd5 33. b3 c4 34. Nb1 c3 35. Na3 Qc5 36. b4 Qd5 37. Rf2 Kc6 0-1

[Event "IECC CL4-2006.09 email"]
[Site "IECC email"]
[Date "2006.08.16"]
[Round "?"]
[White "Hakuc, Waclaw"]
[Black "Rodrigues, Paulo Odonel"]
[Result "0-1"]
[WhiteElo "1641"]
[BlackElo "1634"]
[PlyCount "86"]
[EventDate "2006.??.??"]
[EventType "tourn (corr)"]
[EventRounds "4"]
[SourceTitle "Corr 2015"]
[Source "ChessBase"]
[SourceDate "2015.07.17"]
[SourceVersion "1"]
[SourceVersionDate "2015.07.17"]
[SourceQuality "1"]
[WhiteTeam "Poland"]
[BlackTeam "Brazil"]
[WhiteTeamCountry "POL"]
[BlackTeamCountry "BRA"]

1. e4 c5 2. Nf3 Nc6 3. d4 cxd4 4. Nxd4 Nf6 5. Nc3 d6 6. Bb5 Bd7 7. Bg5 e6 8. 0-0 Be7 9. Nb3 a6 10. Be2 Qc7 11. Qd2 b5 12. a3 Ne5 13. f4 Nc4 14. Bxc4 bxc4 15. Nd4 h6 16. Bxf6 Bxf6 17. Rfd1 0-0 18. b4 cxb3 19. cxb3 Rac8 20. Rac1 Qb6 21. Qe3 Rfe8 22. b4 e5 23. Nf5 Qxe3+ 24. Nxe3 exf4 25. Ned5 Be5 26. Kf2 f5 27. exf5 Bxf5 28. a4 Bg4 29. Rd3 Rc4 30. b5 axb5 31. axb5 Kf7 32. Re1 Bf5 33. Rf3 g5 34. b6 g4 35. Rxf4 Rxf4+ 36. Nxf4 Bd4+ 37. Kf1 Rxe1+ 38. Kxe1 Bxc3+ 39. Ke2 Be4 40. Ke3 Bb7 41. Nd3 Bxg2 42. Kf4 h5 43. Kg5 Bf3 0-1

[Event "IECC CL4-2006.09 email"]
[Site "IECC email"]
[Date "2006.08.16"]
[Round "?"]
[White "Umarov, Murat"]
[Black "Hakuc, Waclaw"]
[Result "1-0"]
[WhiteElo "1766"]
[BlackElo "1624"]
[PlyCount "55"]
[EventDate "2006.??.??"]
[EventType "tourn (corr)"]
[EventRounds "4"]
[SourceTitle "Corr 2008"]
[Source "ChessBase"]
[SourceDate "2008.06.24"]
[SourceVersion "1"]
[SourceVersionDate "2008.06.24"]
[SourceQuality "1"]

1. e4 e5 2. Nf3 Nc6 3. Bb5 a6 4. Ba4 Nf6 5. 0-0 Bc5 6. c3 b5 7. Bc2 d5 8. d4 exd4 9. e5 Ne4 10. cxd4 Bb6 11. Nc3 Bf5 12. Re1 Ba5 13. Nxe4 Bxe1 14. Neg5 Bxc2 15. Qxc2 Qd7 16. Nxe1 Nxd4 17. Qc5 Nc6 18. Nd3 h6 19. Nf3 Nd8 20. Nd4 Nb7 21. Qa3 Nd8 22. Nf4 c6 23. Bd2 Qe7 24. Qg3 g5 25. Nh5 Kf8 26. Nf5 Qa7 27. Bb4+ c5 28. e6 1-0

[Event "IECG TE.2006.P.02107"]
[Site "IECG email"]
[Date "2006.03.17"]
[Round "?"]
[White "Powell, Wayne"]
[Black "Hakuc, Waclaw"]
[Result "0-1"]
[WhiteElo "913"]
[BlackElo "1700"]
[PlyCount "46"]
[EventDate "2006.03.17"]
[EventType "tourn (corr)"]
[EventRounds "2"]
[SourceTitle "Corr 2008"]
[Source "ChessBase"]
[SourceDate "2008.06.24"]
[SourceVersion "1"]
[SourceVersionDate "2008.06.24"]
[SourceQuality "1"]

1. e4 c5 2. f4 e6 3. b3 Qf6 4. c3 Qxf4 5. Qf3 Qc7 6. Bc4 Nf6 7. Na3 d5 8. Bb5+ Nc6 9. Nh3 Nxe4 10. Rf1 Qd6 11. Nf4 a6 12. Bd3 Ne5 13. Ke2 Nxf3 14. Kxf3 g5 15. g3 gxf4 16. gxf4 Bh6 17. Ke3 Qe5 18. Nc4 Qh5 19. Rf3 e5 20. Ba3 Bxf4+ 21. Rxf4 exf4+ 22. Kxf4 Qxh2+ 23. Ke3 Qf2# 0-1

[Event "IECG CC.2006.0.00132 email"]
[Site "IECG email"]
[Date "2006.03.05"]
[Round "?"]
[White "Hakuc, Waclaw"]
[Black "Rossetti, Mario"]
[Result "1-0"]
[WhiteElo "1600"]
[BlackElo "1495"]
[PlyCount "105"]
[EventDate "2006.03.05"]
[EventType "tourn (corr)"]
[EventRounds "6"]
[SourceTitle "Corr 2008"]
[Source "ChessBase"]
[SourceDate "2008.06.24"]
[SourceVersion "1"]
[SourceVersionDate "2008.06.24"]
[SourceQuality "1"]

1. e4 e5 2. Nf3 Nc6 3. Bb5 a6 4. Ba4 Nf6 5. 0-0 Be7 6. Bxc6 dxc6 7. Nxe5 Nxe4 8. d4 0-0 9. Re1 Nf6 10. c4 c5 11. d5 Re8 12. Bf4 Bd6 13. Nc3 Ng4 14. Nxg4 Rxe1+ 15. Qxe1 Bxf4 16. Qe4 Bd6 17. Ne3 Bd7 18. Qf3 Qg5 19. Ne4 Qe5 20. Nxd6 cxd6 21. Rb1 b5 22. a3 f5 23. b3 f4 24. Nc2 Bf5 25. Re1 Qb2 26. Ne3 Qc3 27. Rf1 Bd3 28. Nf5 b4 29. Ne7+ Kf8 30. axb4 cxb4 31. Rd1 Bc2 32. Qxc3 bxc3 33. Rc1 Bxb3 34. Rxc3 Kxe7 35. Rxb3 a5 36. Kf1 a4 37. Ra3 Kd7 38. Ke2 Kc7 39. Kd3 Kb6 40. Kd4 Ka5 41. Rc3 Kb4 42. Rc1 Kb3 43. Kd3 Kb2 44. Rc2+ Kb1 45. Re2 a3 46. Kc3 Rb8 47. h4 g6 48. c5 dxc5 49. d6 f3 50. gxf3 c4 51. Re1+ Ka2 52. d7 Rd8 53. Rd1 1-0

[Event "IECC CL4-2006.02 email"]
[Site "IECC email"]
[Date "2006.02.04"]
[Round "?"]
[White "Umarov, Murat"]
[Black "Hakuc, Waclaw"]
[Result "1-0"]
[WhiteElo "1711"]
[BlackElo "1661"]
[PlyCount "65"]
[EventDate "2006.??.??"]
[EventType "tourn (corr)"]
[EventRounds "4"]
[SourceTitle "Corr 2015"]
[Source "ChessBase"]
[SourceDate "2015.07.17"]
[SourceVersion "1"]
[SourceVersionDate "2015.07.17"]
[SourceQuality "1"]
[WhiteTeam "Kazakhstan"]
[BlackTeam "Poland"]
[WhiteTeamCountry "KAZ"]
[BlackTeamCountry "POL"]

1. d4 d5 2. c4 dxc4 3. Nc3 c6 4. e4 b5 5. a4 b4 6. Na2 e5 7. Nf3 b3 8. Nc3 exd4 9. Nxd4 Ba6 10. Be3 Nf6 11. Nf5 Qc7 12. Qd2 Nbd7 13. Rd1 Rd8 14. Be2 Nb6 15. Bd4 c5 16. Be5 Rxd2 17. Bxc7 Rxd1+ 18. Kxd1 Kd7 19. Be5 Ke6 20. f4 Nxe4 21. Nxe4 Kxf5 22. Ng5 h5 23. Nxf7 Rh7 24. Ng5 Kg6 25. Bf3 Kh6 26. Re1 Nxa4 27. Bc6 Nb6 28. Bc3 g6 29. Re8 Bb7 30. Rxf8 Bxc6 31. Nxh7 g5 32. Nxg5 Nd5 33. Be5 1-0

[Event "Liape ch-1 zone-B gr-02 email"]
[Site "Liape email"]
[Date "2003.01.04"]
[Round "5"]
[White "Moreira, Jose Americo Paiva"]
[Black "Hakuc, Waclaw"]
[Result "1-0"]
[WhiteElo "2320"]
[BlackElo "1600"]
[PlyCount "51"]
[EventDate "2003.??.??"]
[EventType "tourn (corr)"]
[EventRounds "6"]
[EventCountry "ARG"]
[SourceTitle "Corr 2006"]
[Source "ChessBase"]
[SourceDate "2006.04.01"]
[SourceVersion "3"]
[SourceVersionDate "2006.04.01"]
[SourceQuality "1"]

1. e4 e5 2. Nf3 Nc6 3. Bb5 a6 4. Ba4 Nf6 5. 0-0 Bc5 6. Nxe5 Nxe5 7. d4 Bxd4 8. Qxd4 Qe7 9. Bf4 Nc6 10. Qe3 0-0 11. Nc3 Ne5 12. Bg5 h6 13. Bxf6 Qxf6 14. Nd5 Qd6 15. Bb3 b5 16. f4 Nc4 17. Bxc4 bxc4 18. Rad1 Re8 19. e5 Qc6 20. f5 Bb7 21. f6 g5 22. Rf5 Kh7 23. Rxg5 hxg5 24. Qxg5 Qc5+ 25. Kf1 Qf8 26. Rd4 1-0

[Event "Liape ch-1 zone-B gr-02 email"]
[Site "Liape email"]
[Date "2002.12.31"]
[Round "1"]
[White "Hakuc, Waclaw"]
[Black "Zaniratti, Ivano"]
[Result "0-1"]
[WhiteElo "1600"]
[BlackElo "2180"]
[PlyCount "108"]
[EventDate "2003.??.??"]
[EventType "tourn (corr)"]
[EventRounds "6"]
[EventCountry "ARG"]
[SourceTitle "Corr 2006"]
[Source "ChessBase"]
[SourceDate "2006.04.01"]
[SourceVersion "3"]
[SourceVersionDate "2006.04.01"]
[SourceQuality "1"]

1. e4 c5 2. Nf3 Nc6 3. Bb5 g6 4. 0-0 Bg7 5. d3 Qb6 6. Nc3 Bxc3 7. Bxc6 Qxc6 8. bxc3 d6 9. c4 Bd7 10. Rb1 e5 11. Nd2 h5 12. f4 f6 13. f5 gxf5 14. exf5 0-0-0 15. Ne4 Qc7 16. Be3 Bc6 17. Qe2 Rh7 18. Bf2 h4 19. a3 Qf7 20. h3 Rh5 21. Be1 Kb8 22. Ba5 b6 23. Bd2 Ne7 24. Be1 Nxf5 25. Nxf6 Rg5 26. Ne4 Qh5 27. Qxh5 Rxh5 28. Rf3 Kc7 29. Bf2 Rg8 30. Kh2 Rg6 31. c3 Rhg5 32. Rg1 Rh5 33. Be1 Kd7 34. Bf2 Ke6 35. Re1 a6 36. Rf1 b5 37. cxb5 axb5 38. Re1 Rh8 39. g4 hxg3+ 40. Bxg3 Rhg8 41. Nxc5+ Ke7 42. Rxf5 Rxg3 43. Ne4 Rxd3 44. Rg5 Rxg5 45. Nxg5 Rxc3 46. Ra1 d5 47. h4 d4 48. Re1 Kf6 49. Rf1+ Kg6 50. Nf7 Rc2+ 51. Kg3 Re2 52. Rc1 Kxf7 53. Rxc6 d3 54. Rd6 e4 0-1

[Event "IECC Swiss email"]
[Site "IECC email"]
[Date "2001.11.11"]
[Round "?"]
[White "Newton, Hobart E"]
[Black "Hakuc, Waclaw"]
[Result "1/2-1/2"]
[WhiteElo "2034"]
[BlackElo "1741"]
[PlyCount "39"]
[EventDate "2001.??.??"]
[EventType "tourn (corr)"]
[EventRounds "6"]
[SourceTitle "Corr 2008"]
[Source "ChessBase"]
[SourceDate "2008.06.24"]
[SourceVersion "1"]
[SourceVersionDate "2008.06.24"]
[SourceQuality "1"]

1. Nf3 Nf6 2. c4 c5 3. Nc3 e6 4. g3 d5 5. cxd5 exd5 6. d4 cxd4 7. Nxd4 Qb6 8. Bg2 Nc6 9. Nxc6 bxc6 10. 0-0 Be7 11. e4 dxe4 12. Nxe4 Nd5 13. Nc3 Nxc3 14. bxc3 0-0 15. Be3 Qa6 16. Qf3 Be6 17. Qxc6 Qxc6 18. Bxc6 Rac8 19. Bg2 Rxc3 20. Bxa7 1/2-1/2

[Event "IECC KO email"]
[Site "IECC email"]
[Date "2001.10.29"]
[Round "?"]
[White "Van der Wijk, Hein"]
[Black "Hakuc, Waclaw"]
[Result "1-0"]
[WhiteElo "1930"]
[BlackElo "1772"]
[PlyCount "51"]
[EventDate "2001.??.??"]
[EventType "tourn (corr)"]
[EventRounds "6"]
[SourceTitle "Corr 2008"]
[Source "ChessBase"]
[SourceDate "2008.06.24"]
[SourceVersion "1"]
[SourceVersionDate "2008.06.24"]
[SourceQuality "1"]

1. d4 d5 2. e4 dxe4 3. Nc3 Nf6 4. f3 exf3 5. Nxf3 e6 6. Bg5 Bb4 7. Bc4 Bxc3+ 8. bxc3 Nbd7 9. 0-0 0-0 10. Rb1 c6 11. Qe1 Qa5 12. Bd3 h6 13. Bd2 b6 14. c4 Qh5 15. Ne5 Nxe5 16. dxe5 Ng4 17. Bf4 g5 18. Bg3 f5 19. exf6 Nxf6 20. Be5 Nd7 21. Qe4 Rf5 22. Bd6 Nc5 23. Bxc5 g4 24. Be3 Bd7 25. Rf4 Kf7 26. Rxg4 1-0